[Event "4NCL Div 1 2018-19"]
[Site "Daventry"]
[Date "2019.01.12"]
[Round "3"]
[White "Jaracz, Pawel"]
[Black "Kilpatrick, Callum"]
[Result "1-0"]
[WhiteElo "2463"]
[BlackElo "2353"]
[Annotator "TA"]
[PlyCount "109"]
[EventDate "2019.01.12"]
[EventCountry "GBR"]
[SourceTitle "playchess.com"]
[Source "ChessBase"]
[SourceQuality "1"]

{[%evp 29,109,48,63,17,45,40,43,27,70,72,93,122,177,170,172,160,242,258,264,266,271,272,258,270,226,135,136,140,122,142,138,68,83,77,96,3,3,4,4,0,0,0,63,63,63,63,137,136,151,136,183,172,411,416,406,388,750,747,746,743,738,739,770,756,1404,1399,4141,4141,2335,2005,4141,4141,4149,4149,4149,4141,5036,4141,29983,29984,29979,29980]} 1. d4 Nf6 2. c4 g6 3. g3 Bg7 4. Bg2 O-O 5. Nc3 d6 6. Nf3 Nbd7 7. O-O e5 8. e4 exd4 9. Nxd4 Re8 10. h3 a6 11. Be3 Rb8 12. a4 Nc5 13. Qc2 {E68: King's Indian: Fianchetto: 6...Nbd7 7 0-0 e5 8 e4} a5 (13... Qe7 14. Rfe1 Nfxe4 15. Nxe4 Nxe4 16. Bxe4 Qxe4 17. Bd2 Qxe1+ 18. Rxe1 Rxe1+ 19. Bxe1 Bxd4 20. Qe4 Be5 {½-½ (42) Caruana,F (2770)-Berg,E (2587) Malmo 2012}) 14. Rad1 Bd7 15. Ndb5 b6 {LiveBook: 4 Games} 16. f3 Bc6 17. Rfe1 Bb7 $146 ({Predecessor:} 17... Re7 18. g4 Qf8 19. Bf2 h5 20. Re2 hxg4 21. hxg4 {1-0 (39) Koniushkov,I (2405)-Bitman,A (2250) Smolensk 1997}) 18. Bf2 Nh5 19. f4 Qc8 20. Nd5 Bxd5 (20... Na6 $16) 21. cxd5 $18 (21. exd5 $6 Qd7 $14) 21... Qd7 22. b3 Re7 (22... Na6 $16 {was necessary.} 23. Qc4 Nc5) 23. Na7 Rf8 24. Nc6 Ree8 25. e5 dxe5 26. fxe5 f5 {If only Black now had time for ...Ne4....} 27. exf6 (27. Bxc5 $18 {Strongly threatening e6.} bxc5 28. Qf2 (28. Qxc5 Nxg3 29. Bf3 Bh8 $18)) 27... Bxf6 $16 28. Rxe8 (28. Bxc5 $6 bxc5 29. Rxe8 (29. Qxc5 Nxg3 30. Rxe8 Qxe8 $15) 29... Qxe8 $11) 28... Rxe8 {[#]} 29. Nxa5 $1 {[%mdl 512] aiming for Nc4.} Be5 (29... bxa5 30. Qxc5) 30. g4 (30. Bxc5 $6 bxc5 31. Qxc5 Nxg3 $11) (30. d6 $1 $16) 30... Nf4 $14 {[#]} 31. Nc4 $1 ({But not} 31. Bxc5 bxc5 32. d6 (32. Qxc5 $2 Bd6 $19) 32... Ne2+ 33. Kh1 Ng3+ 34. Kg1 Ne2+ 35. Kh1 Ng3+ 36. Kg1 Ne2+ $11) 31... Bg7 {[#]} 32. Be3 (32. d6 $1 $16) 32... Nxg2 $11 33. Kxg2 Ne4 34. Kg1 h5 35. Qg2 $36 {[%mdl 2048] White is more active.} Nc3 ({Black should play} 35... Nd6 $11 36. Rd3 Nxc4 37. bxc4 Qxa4 38. gxh5 Qa1+ 39. Qf1 Qxf1+ 40. Kxf1 gxh5) 36. Rd3 $14 {And now gxh5 would win.} hxg4 37. Qxg4 Qf7 (37... Qxg4+ $14 38. hxg4 b5 39. axb5 Nxb5) 38. d6 $16 cxd6 39. Rxd6 ({Don't take} 39. Nxd6 $6 Qxb3 40. Nxe8 Qb1+ 41. Kh2 Qxd3 $14) 39... Re4 40. Qxg6 Ne2+ $2 (40... Qxg6+ 41. Rxg6 b5) 41. Kh2 $18 Qxg6 42. Rxg6 Nc3 $2 (42... Kf8 43. Bxb6 Nd4) 43. Bh6 Kh7 44. Bxg7 Kxg6 45. Bxc3 Re6 46. Bd4 Kf5 47. Bxb6 Ke4 48. Kg3 Rg6+ 49. Kf2 Rf6+ 50. Ke2 Rh6 51. a5 {[%cal Ba4a5,Ba5a6,Ba6a7][%mdl 32]} Kd5 52. a6 Kc6 53. Bd4 Rxh3 54. Na5+ Kd5 55. a7 {Accuracy: White = 68%, Black = 48%.} 1-0

[Event "4NCL Div 1 2018-19"]
[Site "Daventry"]
[Date "2019.01.12"]
[Round "3"]
[White "Colovic, Aleksandar"]
[Black "Hoffmann, Hendrik"]
[Result "1/2-1/2"]
[WhiteElo "2454"]
[BlackElo "2272"]
[Annotator "TA"]
[PlyCount "77"]
[EventDate "2019.01.12"]
[EventCountry "GBR"]
[SourceTitle "playchess.com"]
[Source "ChessBase"]
[SourceQuality "1"]

{[%evp 23,77,39,45,29,37,39,51,52,58,26,86,39,50,19,55,58,61,49,52,34,38,31,22,30,27,37,37,37,49,42,60,70,79,60,97,93,77,75,56,50,77,31,31,53,132,128,133,12,62,-58,-58,-58,-63,-64,-58,-65]} 1. e4 g6 2. d4 Bg7 3. Nc3 c6 4. h3 d5 5. Nf3 dxe4 6. Nxe4 Bf5 7. Ng3 Be6 8. c3 {B15: Caro-Kann: 3 Nc3: 3...g6 and 3...dxe4 4 Nxe4 Nf6 5 Nxf6+ exf6} Nf6 9. Bd3 Bd5 10. O-O Bxf3 11. Qxf3 O-O 12. Re1 Nbd7 {LiveBook: 9 Games} 13. Bf4 (13. Nf1 Re8 14. Bf4 Nd5 15. Bg3 a5 {1-0 (56) Ehlvest,J (2600)-Kamsky,G (2693) Moscow 2010}) 13... e6 $146 ({Predecessor:} 13... Re8 14. a4 a5 15. Bc4 e6 {1-0 (55) Vysochin,S (2531)-Payen,A (2318) Riga 2013}) 14. Rad1 Qa5 15. Bc4 Nd5 16. Bd6 Rfe8 (16... Rfd8 $11 {remains equal.}) 17. Bb3 Rad8 18. h4 N5f6 19. Bf4 h6 20. Bd6 Qb6 21. Qf4 {And now Bc7 would win.} Rc8 22. Ne4 Nxe4 23. Rxe4 Nf6 24. Re2 {[%cal Be4e2,Be2d2,Bd2d3][%mdl 32]} Nh5 25. Qg4 {[%cal Re2e6] Threatens to win with Rxe6.} Qd8 26. Be5 Bxe5 27. dxe5 Qe7 28. Rd6 Rcd8 29. Red2 Ng7 30. Bc2 Nf5 31. Bxf5 exf5 32. Qd4 {[%cal Rd6d8]} (32. Qd1 $5 Rxd6 33. exd6 $14) 32... Rxd6 33. exd6 $14 {[%mdl 4096] Endgame KQR-KQR} Qe6 ({Black should try} 33... c5 $14 34. Qd5 (34. dxe7 cxd4 35. Rxd4 Rxe7 $11) 34... Qe6) 34. Rd3 $16 {Strongly threatening Re3.} Rd8 35. Re3 (35. c4 $16) 35... Qd5 (35... c5 $5 36. Qxc5 Qxd6 37. Qxd6 Rxd6 $11) 36. Qf6 (36. Qxd5 $14 cxd5 37. Re7) 36... Qd1+ $15 {Black is slightly better.} 37. Kh2 Qxd6+ 38. Qxd6 Rxd6 39. Re7 {Accuracy: White = 51%, Black = 49%.} 1/2-1/2

[Event "4NCL Div 1 2018-19"]
[Site "Daventry"]
[Date "2019.01.12"]
[Round "3"]
[White "Cornette, Deimante"]
[Black "Libiszewski, Fabien"]
[Result "1/2-1/2"]
[WhiteElo "2448"]
[BlackElo "2481"]
[Annotator "TA"]
[PlyCount "114"]
[EventDate "2019.01.12"]
[EventCountry "GBR"]
[SourceTitle "playchess.com"]
[Source "ChessBase"]
[SourceQuality "1"]

{[%evp 23,114,35,50,35,29,22,30,16,24,0,0,0,19,-22,-21,-30,0,0,0,-78,-72,-138,-135,-125,-113,-120,-40,-40,-41,-44,-33,-72,-60,-100,-100,-100,-81,-93,-77,-83,-39,-175,-158,-150,-120,-120,0,-159,-108,-152,-98,-101,-98,-96,-93,-119,-106,-173,-131,-201,-119,-119,-119,-119,-119,-119,-119,-101,-67,-67,-67,-67,-67,-119,-119,-170,-177,-310,-264,-264,-261,-163,-57,-57,-57,-57,-57,-57,-57,-57,-57,-57,-57]} 1. e4 c5 2. Nf3 Nc6 3. d4 cxd4 4. Nxd4 Nf6 5. Nc3 d6 6. Bg5 e6 7. Qd2 a6 8. O-O-O Bd7 9. f4 b5 {[%cal Bb7b5,Bb5b4][%mdl 32]} 10. Nf3 b4 {B67: Sicilian: Richter-Rauzer: 7...a6 8 0-0-0 Bd7, lines without 9 f4 Be7} 11. Bxf6 gxf6 (11... Qxf6 12. Ne2 Qd8 13. Ned4 Qb6 14. Nxc6 Bxc6 15. Bd3 d5 16. Ne5 Bc5 17. Rhe1 Rd8 18. Nxc6 Qxc6 19. exd5 {1-0 (43) Polgar,J (2686)-Vovk,A (2546) Warsaw 2010}) 12. Ne2 Qb6 {LiveBook: 7 Games. White is slightly better.} 13. Ned4 Rc8 $146 ({Predecessor:} 13... Ra7 14. Kb1 Rc7 15. f5 e5 16. Ne2 Na5 17. b3 h5 18. h4 {0-1 (31) Azaric,S (2273)-Martic,I (2400) Kragujevac 2012}) 14. Kb1 Be7 15. Qd3 Nxd4 16. Nxd4 a5 {[%cal Ba6a5,Ba5a4,Ba4a3][%mdl 32]} 17. Qg3 Kf8 18. Qh3 h5 19. Be2 Qc5 20. Rd2 a4 21. Rf1 (21. b3 $11) 21... a3 $17 22. b3 (22. c4 $142) 22... e5 $1 23. Nf5 exf4 $1 24. Qd3 Bxf5 (24... Rg8 $1 $17 25. g3 Bxf5 26. exf5 Qe5) 25. exf5 $15 Qe5 $40 {[%csl Ga3][%cal Re5b2][%mdl 128] Black mounts an attack.} 26. Qd4 {[%mdl 64] Double Attack} Rg8 27. Bf3 Rc3 28. Rfd1 Re3 29. Rd3 h4 {...Rxd3 is the strong threat.} 30. h3 Kg7 31. Kc1 Rc8 ({Much weaker is} 31... Qxf5 $6 32. Qxb4 Qe5 33. Rxe3 $11) 32. R3d2 (32. c4 $15) 32... Rc5 33. Kb1 Kh6 34. Rd3 {intending Rxe3.} Kg7 35. R3d2 Rc7 (35... d5 $142 36. Bg4 Rc7) 36. Rf1 Re1+ (36... d5 $142 37. Bg4 Bc5 38. Qxe5 fxe5 39. Rxd5 Kf6) 37. Rxe1 $17 Qxe1+ 38. Rd1 Qe5 39. Be4 Rc3 $1 40. Kc1 (40. Qxe5 $17 {was called for.} fxe5 41. Rd3) 40... Re3 $1 $19 {[%cal Re3e4]} 41. Bd5 {[#]} (41. Bf3 $17) 41... Re1 ({Don't play} 41... Qxf5 42. Qxb4 Re2 43. Qc3 $17) (41... Bd8 $1 $19 {Strongly threatening ...Bb6!} 42. Bf3 Bc7 43. Qxe5 fxe5) 42. Qxe5 $17 Rxd1+ ({Much worse is} 42... Rxe5 $6 43. Rd4 $11) 43. Kxd1 fxe5 {[%mdl 4096] Endgame KB-KB} 44. Kd2 Kf6 45. Be4 {[#]} d5 $1 {[%mdl 512]} 46. Bxd5 Kxf5 47. Kd3 Bd6 48. Bb7 {[#]} ({White should play} 48. c3 $15) 48... f3 $1 {[%cal Rf3g2][%mdl 512]} 49. gxf3 (49. Bxf3 $17 Kf4 50. c4) 49... Kf4 $19 50. Ke2 (50. c4 $142) 50... f5 51. Bc8 e4 52. fxe4 Kxe4 ({Better is} 52... fxe4 $19 53. Kd2 Be5) 53. c3 $15 {Black is slightly better.} bxc3 {And now ...f4 would win.} 54. Ba6 $1 f4 {Threatens to win with ...f3+.} 55. Bd3+ Kd4 {( -> ...f3+!)} 56. Bc2 Be7 57. Kf3 Ke5 {Accuracy: White = 49%, Black = 57%.} 1/2-1/2

[Event "4NCL Div 1 2018-19"]
[Site "Daventry"]
[Date "2019.01.12"]
[Round "3"]
[White "Arkell, Keith C"]
[Black "Foisor, Mihaela-Veronica"]
[Result "1-0"]
[WhiteElo "2443"]
[BlackElo "2222"]
[Annotator "TA"]
[PlyCount "73"]
[EventDate "2019.01.12"]
[EventCountry "GBR"]
[SourceTitle "playchess.com"]
[Source "ChessBase"]
[SourceQuality "1"]

{[%evp 19,73,42,40,30,215,208,214,210,194,176,215,204,212,178,252,147,160,153,164,129,162,128,133,124,152,142,169,164,162,165,234,165,156,159,157,155,208,200,202,177,141,166,341,331,409,406,448,441,427,432,406,303,5816,5393,6229,6215]} 1. d4 d5 2. Nf3 Nf6 3. c4 e6 4. cxd5 exd5 5. Nc3 c6 6. Bg5 Be7 7. Qc2 Nbd7 8. e3 Nf8 9. Bd3 Bg4 10. Ne5 {D36: Queen's Gambit Declined: Exchange Variation: Main line (5 Bg5 c6 6 Qc2)} Bh5 {LiveBook: 5 Games} 11. O-O Ng4 $146 (11... Bg6 $11 {and Black is okay.}) ({Predecessor:} 11... Bg6 12. b4 Ne6 13. Bxf6 Bxf6 14. f4 Bxd3 15. Qxd3 O-O 16. f5 Nc7 17. Ng4 Ne8 18. b5 Nd6 19. bxc6 {½-½ (19) Shariyazdanov,A (2495)-Kharitonov,A (2585) Moscow 1998}) 12. Bxe7 $18 {White is clearly better.} Qxe7 {[#]} 13. Nxd5 $1 Qd6 14. Nxg4 {Strongly threatening Ne5.} Bxg4 {[#]} 15. Nc3 $1 Ne6 16. Ne4 Qd7 (16... Qe7 $142 17. Ng3 h5) 17. Nc5 ({White should try} 17. h3 $18 Bf5 18. Nf6+ gxf6 19. Bxf5) 17... Nxc5 $16 18. Qxc5 Qe7 19. Rfc1 h5 20. Qxe7+ Kxe7 21. Rc5 f6 22. h4 Rad8 23. b4 Rd5 24. Rac1 {Rxd5 is the strong threat.} Kd6 (24... Rxc5 $142 25. bxc5 (25. Rxc5 a6 $16) 25... Kd7) 25. Be4 Rxc5 26. Rxc5 $18 {[%mdl 4096] Endgame KRB-KRB} Be6 27. a4 Bd5 (27... Bb3 $16) 28. Bxd5 cxd5 {KR-KR} 29. f3 Re8 30. Kf2 f5 $2 (30... g5 31. b5 gxh4) 31. b5 Re7 32. Rc8 Kd7 33. Ra8 Kc7 34. a5 {[%cal Ba4a5,Ba5a6][%mdl 32]} Re6 35. a6 Rb6 $2 (35... Kb6 36. axb7 Kxb7) 36. Rxa7 Rxb5 37. Rxb7+ {Precision: White = 65%, Black = 32%.} 1-0

[Event "4NCL Div 1 2018-19"]
[Site "Daventry"]
[Date "2019.01.12"]
[Round "3"]
[White "Suarez Real, Alberto"]
[Black "Parligras, Mircea-Emilian"]
[Result "0-1"]
[WhiteElo "2438"]
[BlackElo "2645"]
[Annotator "TA"]
[PlyCount "124"]
[EventDate "2019.01.12"]
[EventCountry "GBR"]
[SourceTitle "playchess.com"]
[Source "ChessBase"]
[SourceQuality "1"]

{[%evp 23,124,0,14,0,0,0,19,11,6,0,0,0,0,0,0,0,0,-12,0,0,0,0,0,0,0,0,0,0,0,0,14,7,7,0,2,0,13,0,0,0,0,0,0,0,0,0,14,0,8,0,0,0,0,0,0,0,0,-10,0,-14,0,0,0,0,0,0,0,0,2,0,12,0,0,0,0,0,0,0,0,0,0,-6,0,0,0,0,0,0,0,0,114,0,0,0,0,-328,0,-419,-427,-427,-427,-29993,-29986]} 1. e4 c5 2. Nf3 e6 3. d4 cxd4 4. Nxd4 Nc6 5. Nc3 a6 6. Nxc6 bxc6 7. Bd3 d5 8. O-O Nf6 9. Re1 Be7 10. e5 Nd7 11. Qg4 Kf8 12. Na4 {B46: Sicilian: Taimanov: 5 Nc3 a6} Qa5 {LiveBook: 6 Games} 13. Bg5 (13. Re2 h5 14. Qf4 g5 15. Bd2 gxf4 16. Bxa5 h4 17. Bd2 Bg5 18. f3 a5 19. Rae1 Rh5 {½-½ (43) Yu,Y (2743)-Grachev,B (2645) Antalya 2017}) 13... Bxg5 14. Qxg5 {The position is equal.} Bb7 $146 ({Predecessor:} 14... h6 15. Qg4 c5 16. b3 Qc7 17. Qg3 Bb7 18. c4 d4 19. Nb2 Re8 {0-1 (47) Gajwa,A (2292)-Fominyh,A (2391) Kathmandu 2018}) 15. b3 c5 $1 16. c4 (16. Nb2 {is more complex.} h5 17. Qf4 Kg8 18. c4 d4 19. Be4) 16... d4 $1 17. Be4 Bxe4 18. Rxe4 h6 19. Qf4 g6 20. Rd1 Rb8 21. h4 h5 22. Rd3 Qd8 23. Rg3 {[#] Strongly threatening Rxg6.} Kg7 24. Rg5 Qa5 25. Qf3 Rh7 26. Kh2 Qd2 27. Re2 Qb4 $1 28. Re4 Qd2 29. Re2 Qb4 $1 30. Qc6 Qb7 31. Qd6 Rc8 32. Qe7 Kh8 {aiming for ...f6.} 33. Rg3 Qc7 34. Qg5 a5 35. Kg1 Kg8 36. Re4 Qd8 37. Qd2 Qc7 38. Qg5 Qd8 39. Qd2 Qc7 40. Rg5 Qb7 41. Qe2 Kg7 42. Rf4 Rh6 43. Rf3 Nf8 44. Qd2 Qc7 45. Qf4 Rh7 46. Nb2 Kg8 47. Nd3 Rg7 48. Rgg3 Nd7 49. Rg5 Nf8 50. Rgg3 Nd7 51. Qe4 Qc6 52. Qe1 a4 53. Qd2 axb3 54. axb3 Rb8 55. Qg5 Qe4 56. Rf4 Qe2 (56... Qc6 $1 $11 {keeps the balance.}) 57. Qe7 (57. Kh2 $16) 57... Nxe5 $11 {[%cal Bd7e5,Be5d3,Bd3f2][%mdl 32]} 58. Qc7 Nxd3 59. Qxb8+ Kh7 {[#]} 60. Rf6 $2 {[%mdl 8192]} (60. Rxd3 $1 $11 {[%mdl 512]} Qxd3 61. Qf8) 60... Qe1+ $19 61. Kh2 Nxf2 {[%csl Gf2][%cal Re1h1]} 62. Rgxg6 (62. Rxf2 $19 Qxf2 63. Qe5) 62... fxg6 {Accuracy: White = 54%, Black = 67%.} 0-1

[Event "4NCL Div 1 2018-19"]
[Site "Daventry"]
[Date "2019.01.12"]
[Round "3"]
[White "Merry, Alan B"]
[Black "Oyama, Akito"]
[Result "1/2-1/2"]
[WhiteElo "2434"]
[BlackElo "2198"]
[Annotator "TA"]
[PlyCount "79"]
[EventDate "2019.01.12"]
[EventCountry "GBR"]
[SourceTitle "playchess.com"]
[Source "ChessBase"]
[SourceQuality "1"]

{[%evp 18,79,39,28,56,71,52,20,74,61,67,61,92,78,83,22,118,122,91,99,190,168,167,164,235,256,346,144,131,143,133,88,93,89,85,65,86,77,92,86,91,0,23,33,55,44,32,49,30,0,0,-22,-13,-139,-158,-170,-221,-155,12,0,0,0,0,0]} 1. e4 c5 2. Nf3 Nc6 3. Bb5 e6 4. Bxc6 bxc6 5. d3 Ne7 6. Qe2 Ng6 7. h4 h5 {B30: Sicilian: 2...Nc6 3 Bb5, lines without ...g6} (7... Qc7 8. e5 f6 9. exf6 gxf6 10. c4 d5 11. Nc3 Be7 12. h5 Nf4 13. Bxf4 Qxf4 14. g3 Qd6 15. O-O-O {½-½ (59) Korneev,O (2566)-Bosiocic,M (2623) Khomeyn 2017}) 8. e5 f6 9. Qe4 Kf7 10. Na3 {LiveBook: 13 Games} Nxe5 11. Nxe5+ fxe5 12. Qxe5 $146 ({Predecessor:} 12. Bg5 Be7 13. Bxe7 Qxe7 14. Nc4 Qf6 15. Nxe5+ {1-0 (27) Ubiennykh,E (2293)-Shumiakina,T (2373) Elista 2003}) 12... d6 (12... d5 $11 {keeps the balance.}) 13. Qe2 d5 14. Bf4 $1 Bd6 15. Bxd6 $1 Qxd6 16. f4 (16. O-O-O $16) 16... c4 ({Avoid the trap} 16... Qxf4 $2 17. Rf1 $18) (16... Rb8 $11) 17. dxc4 $16 Rb8 18. c3 $1 Re8 (18... Ba6 $16 {might work better.}) 19. Rf1 Kg8 20. O-O-O ({But not} 20. Qxh5 $6 Rf8 $16) 20... e5 (20... Rf8 $142) 21. Qxh5 $18 g6 22. c5 (22. Qg5 $18 {and White stays clearly on top.}) 22... gxh5 $16 23. cxd6 Bg4 24. Rde1 e4 25. Nc2 Rbd8 26. f5 Kf7 27. Ne3 Rg8 28. Rf4 $1 Kf6 29. Kd2 (29. Ref1 $16) 29... Rxd6 (29... Ke5 {looks sharper.} 30. Rf2 Rxd6 31. Ref1 Rf6 32. Kc2 c5) 30. Nxg4+ Rxg4 31. Rxg4 hxg4 $11 {[%mdl 4096] Endgame KR-KR} 32. Rf1 c5 33. Rf4 g3 34. Rg4 {Threatens to win with Rg6+.} Kxf5 35. Rxg3 {[#]} (35. Rg7 $11) 35... d4 $1 $17 36. cxd4 cxd4 37. Rg8 {[#]} d3 $2 (37... e3+ $1 $17 38. Kd3 Re6 39. Rf8+ Kg4) 38. Re8 {The position is equal.} Rg6 39. Rf8+ Ke5 40. Re8+ $1 {Accuracy: White = 45%, Black = 45%.} 1/2-1/2

[Event "4NCL Div 1 2018-19"]
[Site "Daventry"]
[Date "2019.01.12"]
[Round "3"]
[White "Zhou, Yang-Fan"]
[Black "Erdos, Viktor"]
[Result "1/2-1/2"]
[WhiteElo "2432"]
[BlackElo "2604"]
[Annotator "TA"]
[PlyCount "42"]
[EventDate "2019.01.12"]
[EventCountry "GBR"]
[SourceTitle "playchess.com"]
[Source "ChessBase"]
[SourceQuality "1"]

{[%evp 14,42,-2,-8,1,-7,-7,3,0,-16,-22,-12,-18,-10,-12,-10,-19,-28,-25,-66,-65,-68,-67,-52,-41,-84,-54,-69,-56,-62,-49]} 1. e4 {[%cal Be2e4,Be4e5][%mdl 32]} e5 2. Nf3 Nc6 3. c3 Nf6 4. d4 exd4 5. e5 Nd5 6. cxd4 Bb4+ 7. Nbd2 {C44: Ponziani Opening and Scotch Gambit} (7. Bd2 Bxd2+ 8. Nbxd2 d6 9. Bc4 Be6 10. Qb3 dxe5 11. dxe5 O-O 12. Qxb7 Ndb4 13. Qb5 Rb8 14. Qc5 Nc2+ 15. Ke2 N6d4+ 16. Nxd4 Nxd4+ {0-1 (23) Jones,G (2677)-Vidit,S (2711) chess.com INT 2018}) 7... d6 8. Bb5 {LiveBook: 7 Games} Nde7 9. O-O {The position is equal.} dxe5 10. dxe5 O-O 11. h3 a6 12. Ba4 Bf5 13. a3 $146 ({Predecessor:} 13. Bc2 Qd5 14. Bxf5 Nxf5 {0-1 (53) Pirotais,J (1990)-Malaniuk,V (2534) Sautron 2008}) 13... Bc5 $36 {[%mdl 2048] Black is pushing.} 14. Re1 h6 15. Bc2 {[#] Bxf5 is the strong threat.} Ba7 16. Be4 Bxe4 17. Rxe4 Qd3 18. b4 Nd4 19. Ne1 Qb5 20. Ndf3 Ne6 $1 21. Qc2 Rad8 {Accuracy: White = 53%, Black = 74%.} 1/2-1/2

[Event "4NCL Div 1 2018-19"]
[Site "Daventry"]
[Date "2019.01.12"]
[Round "3"]
[White "Palliser, Richard J D"]
[Black "Van Zyl-Rudd, Jack"]
[Result "1/2-1/2"]
[WhiteElo "2418"]
[BlackElo "2310"]
[Annotator "TA"]
[PlyCount "89"]
[EventDate "2019.01.12"]
[EventCountry "GBR"]
[SourceTitle "playchess.com"]
[Source "ChessBase"]
[SourceQuality "1"]

{[%evp 13,89,-10,0,-25,-14,-24,-21,-20,-21,-16,-25,-17,-16,-19,-19,-23,7,0,0,-13,14,14,8,-4,22,19,22,0,52,52,52,52,52,53,71,60,75,67,107,106,108,72,72,74,72,72,58,42,54,52,320,314,264,210,211,87,373,33,30,27,24,33,27,32,31,37,63,0,0,0,0,0,0,0,0,0,0,0]} 1. d4 d5 2. Bf4 c5 3. e3 Nc6 4. c3 Nf6 5. Nd2 Bf5 6. Qb3 {D00: 1 d4 d5: Unusual lines} (6. Ngf3 e6 7. Qb3 Qc8 8. Nh4 c4 9. Qd1 Be7 10. Be2 O-O 11. Nxf5 exf5 12. h3 b5 13. g4 b4 14. Qc2 bxc3 15. bxc3 {1-0 (42) Iordachescu,V (2597)-Nisipeanu,L (2674) Bucharest 2018}) 6... Qc8 7. Ngf3 c4 {LiveBook: 12 Games} 8. Qa4 a6 9. Be2 $146 ({Predecessor:} 9. h3 b5 10. Qd1 h6 11. Be2 e6 {0-1 (28) Crevatin,L (2075)-Johansson,G (2185) Vaxjo 2018}) 9... b5 10. Qd1 h6 11. Ne5 e6 12. O-O Be7 13. Bf3 O-O 14. Re1 Ne4 15. Bxe4 dxe4 16. a4 Qb7 17. Nxc6 Qxc6 18. b4 cxb3 19. Qxb3 Rfc8 20. Rec1 b4 ({Better is} 20... g5 $11 21. Bg3 h5) 21. c4 $1 $14 a5 22. c5 g5 23. Bg3 h5 {[#] Threatens to win with ...h4.} 24. Nc4 h4 25. Bd6 Bd8 26. Qd1 $36 {[%mdl 2048] White is in control.} Kg7 27. h3 f6 28. Bh2 Bg6 29. Nd6 Rc7 30. Qe2 Qd5 31. Qb5 {Hoping for c6.} Re7 $2 {[%mdl 8192] [#]} (31... Qc6 $1 $14) 32. c6 $1 $18 Bc7 33. Qxd5 exd5 34. Rc5 (34. Nb5 $18 {is the precise move to win.} Bxh2+ 35. Kxh2) 34... Rd8 $2 {[%mdl 8192]} (34... Re6 $16 {was called for.} 35. Nf5+ {[%mdl 64] Discovered Attack} (35. Rxd5 Kf8 $16) 35... Bxf5) 35. Rxd5 $2 ({White should play} 35. Nb5 $18 Bxh2+ 36. Kxh2) 35... Re6 $14 {[%cal Rc7d6]} 36. Nf5+ Bxf5 $1 37. Rxf5 Bxh2+ 38. Kxh2 {And now Rc1 would win.} Rxc6 39. Rxa5 $11 {[%mdl 4096] Endgame KRR-KRR} Rc2 40. Rb1 (40. Rf1 $14) 40... Rxf2 {The position is equal.} 41. Rxb4 Re2 42. Rb3 Rc8 {Strongly threatening ...Rcc2.} 43. Rc5 Ra8 44. a5 Ra2 45. Rbb5 {Accuracy: White = 48%, Black = 48%.} 1/2-1/2

[Event "4NCL Div 1 2018-19"]
[Site "Daventry"]
[Date "2019.01.12"]
[Round "3"]
[White "McDonald, Neil"]
[Black "Shafi, Declan"]
[Result "1/2-1/2"]
[WhiteElo "2411"]
[BlackElo "2125"]
[Annotator "TA"]
[PlyCount "75"]
[EventDate "2019.01.12"]
[EventCountry "GBR"]
[SourceTitle "playchess.com"]
[Source "ChessBase"]
[SourceQuality "1"]

{[%evp 22,75,12,1,7,-14,0,-12,-7,0,8,-59,-56,-77,-66,-70,-66,-87,-46,-79,-85,-133,-128,-129,72,80,70,68,234,8,24,0,4,-22,27,-112,-118,-109,-120,-91,-90,-122,-115,-116,-108,-116,-112,-122,-94,-92,-75,-205,-163,-223,-135,-125]} 1. e4 e5 2. Nf3 Nc6 3. Bb5 a6 4. Ba4 Nf6 5. d3 d6 6. c3 g6 7. O-O Bg7 8. Nbd2 O-O 9. Re1 b5 10. Bc2 {C77: Ruy Lopez: 3...a6 4 Ba4 Nf6, unusual lines} Bb7 11. d4 {[%cal Bd3d4,Bd4d5][%mdl 32]} (11. Nf1 Nb8 12. d4 Nbd7 13. Ng3 Re8 14. a4 c6 15. Be3 Qc7 16. h3 exd4 17. cxd4 c5 {0-1 (65) McShane,L (2640)-Howell,D (2676) London 2017}) 11... Re8 12. d5 {LiveBook: 7 Games. The position is equal.} Ne7 13. c4 $146 ({Predecessor:} 13. b3 c5 14. dxc6 Nxc6 15. c4 bxc4 16. Nxc4 d5 17. exd5 Nxd5 {1-0 (43) Marjanovic,S (2469)-Shanmugam,R (2291) Kavala 2011}) 13... c6 14. b3 Rc8 {[%cal Rc6d5]} 15. Bb2 Qb6 {[%cal Rc6d5]} 16. Bd3 (16. b4 $11) 16... cxd5 $15 17. cxd5 Ng4 18. Qe2 f5 $1 19. Ng5 Nf6 20. Qf3 fxe4 21. Qh3 Nexd5 (21... exd3 22. Qe6+ Kh8 23. Nf7+ Kg8 24. Nh6+ Kh8 {[#]} 25. Qg8+ $1 {[%mdl 512]} Nexg8 26. Nf7#) 22. Ndxe4 h6 $2 (22... Rc7 $17 {keeps the pressure on. aiming for ...Nf4.} 23. Nxf6+ Bxf6) 23. Ne6 $16 Nxe4 24. Bxe4 Ne7 $2 (24... Nf4 $14 25. Nxf4 Bxe4 26. Rxe4 Qc6) 25. Bd3 $2 (25. Nxg7 $18 Rf8 26. Bxb7 Qxb7 27. Qxh6 Rxf2 {[%mdl 64] Decoy} 28. Kxf2 Rc2+ 29. Re2 Rxe2+ 30. Kxe2 Qxg2+ 31. Ke1 (31. Kd3 Nd5 $11) 31... Qg1+ 32. Kd2 Qg2+ 33. Ke1 (33. Kc1 Qh1+ 34. Kd2 Qg2+ 35. Kd1 Qh1+ 36. Kc2 Qe4+ 37. Kd2 Qg2+ $11) 33... Qg1+ 34. Kd2 Qg2+ 35. Ke1 (35. Kc1 Qh1+ 36. Kc2 Qe4+ 37. Kd2 Qg2+ $11)) 25... Bd5 $11 26. Nxg7 Kxg7 27. Qg3 Kh7 28. Rxe5 (28. Rad1 $11) 28... dxe5 $17 29. Qxe5 {[%csl Gb2][%cal Re5g7] [#]} Nf5 $1 30. Qxd5 {Intending Qf7+ and mate.} Qe6 $36 {[%mdl 2048] Black has strong initiative.} 31. Qf3 Rcd8 32. Bf1 Qe4 33. Qc3 Rc8 34. Qf6 {Qf7+ would kill now.} Qe6 35. Qxe6 Rxe6 36. g3 (36. a4 $17 {keeps fighting.}) 36... Rc2 $19 37. Rb1 (37. Ba3 {might work better.}) 37... Nd6 38. a4 {Accuracy: White = 32%, Black = 43%.} 1/2-1/2